000 00633nam a22002297a 4500
003 UA-OsUOA
001 55164
007 ta
008 20080813b un ||||| |||| 00| 0 ukr d
090 _a347.96(075.8)
_bЮ70
942 _cBK
040 _aUA-OsUOA
_bukr
_cUA-OsUOA
_dUA-OsUOA
245 _aЮридична деонтологія
_cЗа ред. Ткаченка В. Д.
300 _a256 с.
955 _a2
041 _aukr
080 _a347.96(075.8)
020 _a966-633-491-7
260 _aК.
_bОдіссей
_c2006
650 7 _a347 Цивільне право. Судовий устрій
_2UDC
999 _c341252
_d341252